Cities on a Medieval Map of the World - Statistics

General Stats
  • This quiz has been taken 177 times
  • The average score is 36 of 308
Answers on the Map
Answers color-coded by a green-red scale on the quiz's map according to % correct below.
 
Answer Stats
City % Correct
LondoniaLondon
92%
RomaRome
85%
ParisiusParis
81%
AchenusAthens
69%
ConstantinopolisIstanbul
69%
BabiloniaCairo
67%
DiuelinDublin
61%
AlexandriaAlexandria
60%
IerusalemJerusalem
60%
MediolanumMilan
58%
NeapolisNaples
58%
VeniciaVenice
58%
EdenburghEdinburgh
47%
FlorenciaFlorence
47%
PalernaPalermo
47%
MassiliaMarseille
46%
EboracumYork
45%
LugdunumLyon
44%
ViennaVienne
43%
GenuaGenoa
40%
BurdegalaBordeaux
38%
OxenfordOxford
36%
ThessalonicaThessaloniki
36%
CordubaCórdoba
35%
VeronaVerona
35%
OceaTripoli
34%
TripolisTripoli
34%
YgniumAlgiers
34%
Agrippina ColoniaCologne
32%
SiracusaSyracuse
32%
BononiaBologna
31%
Castra NouoNewcastle-upon-Tyne
31%
AberdeneAberdeen
29%
AntiochetAntioch of Pisidia
29%
AntiochiaAntakya
29%
AquisgranumAachen
29%
CannaCatania
29%
CartagoCarthage
29%
BatheBath
27%
GalenciaValencia
27%
GenauaGeneva
27%
ToletumToledo
27%
AdrepolaPula
26%
BeritusBeirut
26%
IopeJaffa
26%
NametisNantes
26%
PisaPisa
26%
StraburhStrasbourg
26%
TolosaToulouse
26%
AurelianumOrléans
25%
BabiloniaBabylon
25%
GranaEsztergom
25%
MesanaMessina
25%
RavennaRavenna
25%
SnotinghamNottingham
24%
TirusTyre
24%
CanturiaCanterbury
22%
ModinModi'in
22%
RotomagumRouen
22%
GazaGaza City
21%
DoberaDover
20%
MetisMetz
20%
Burgh in MarisBourg
19%
CorinthusCorinth
19%
EracleaHeracleium
19%
HurUr
19%
TheleaThebes
19%
WintoniaWinchester
19%
BethleemBethlehem
18%
LincolniaLincoln
18%
MagonciaMainz
18%
PatauiumPadua
18%
TarentumTaranto
18%
AcaronAcre
17%
ExcestriaExeter
17%
HibeaRagusa
17%
CestriaChester
16%
GlearumGloucester
16%
LucaLucca
16%
NazaretNazareth
16%
RemisReims
16%
Sancti IacobiSantiago de Compostela
16%
TuronisTours
16%
WircesterWorcester
16%
BaselBasel
15%
BereniceBenghazi
15%
ColcestriaColchester
15%
TroiaTroy
15%
AtaliaAntalya
14%
BremaBremen
14%
DuremiaDurham
14%
HerefordHereford
14%
MemphisMemphis
14%
SalernaSalerno
14%
AugustaAugsburg
13%
LeodiumLiège
13%
AnconaAncona
12%
RecumReggio Calabria
12%
SalzeburghSalzburg
12%
BrundisiumBrindisi
11%
BrusiasBursa
11%
NorthamtoniaNorthampton
11%
PapiaPavia
11%
PerusiumPerugia
11%
Sanctus IohannisPerth
11%
AgrigeneAgrigento
10%
BragariaBraga
10%
CarluaCarlisle
10%
DiospolisLod
10%
IericoJericho
10%
PatrasPatras
10%
WormaciansisWorms
10%
AndegauisAngers
9%
ArminiumRimini
9%
BeneventusBenevento
9%
PlacenciaPiacenza
9%
SyeneAswan
9%
ArelasArles
8%
CapuaCapua
8%
DuraciumDurrës
8%
ElyEly
8%
EphesusEphesus
8%
LarisLarissa
8%
Micomediaİzmit
8%
NarbonaNarbonne
8%
Niceaİznik
8%
Sanctus AndreasSt Andrews
8%
YconiumKonya
8%
BerwiciaBerwick-upon-Tweed
7%
BiturricaBurgos
7%
CenomanumLe Mans
7%
CesareaKayseri
7%
EbronHebron
7%
LimogenaLimoges
7%
LosanaLausanne
7%
UrtaConstantine
7%
ApolloniaSusa
6%
CesareaCherchell
6%
MagaddesburgMagdeburg
6%
RemesburghRegensburg
6%
ScrobesberiaShrewsbury
6%
SodomSodom
6%
AdrumetusSousse
5%
ArchasArqa
5%
ArgosArgos
5%
ArhmacaArmagh
5%
AuernisClermont-Ferrand
5%
AugustaAosta
5%
BayonaBayonne
5%
BononiaBoulogne-sur-Mer
5%
Cana GalileeCana
5%
CarnocumChartres
5%
Cesarea PhilippiBanias
5%
CidonaChania
5%
GomorGomorrah
5%
LibiaMarsala
5%
PergenpansiusPerga
5%
PetraPetra
5%
TerraconaTarragona
5%
TharsusTarsus
5%
YdrontumOtranto
5%
AntisiodorumAuxerre
4%
AquileyaAquileia
4%
ArabonaGyőr
4%
BencurBangor
4%
BersabeeBeersheba
4%
CadanTaunton
4%
CireneCyrene
4%
CunweyConwy
4%
GortinaGortyna
4%
PalenciaPalencia
4%
PaphusPaphos
4%
PhilippusPhilippi
4%
RoucestriaRochester
4%
TornacumTournai
4%
VeredunumVerdun
4%
AscalonAshkelon
3%
AulonaVlorë
3%
BeuerlacumBeverley
3%
CarnaruanCaernarfon
3%
CeldaraKildare
3%
CotoniaCrotone
3%
FluenciaKoblenz
3%
LeugasSanta Maria di Leuca
3%
MurduaciaMérida
3%
PazaeiPassau
3%
PobrottaPatna
3%
SuauiaSchwäbisch Hall
3%
AbidosAbydos
2%
AlberstadHalberstadt
2%
AppolloniaApollonia
2%
AugustudunumAutun
2%
BereniceBerenice Troglodytica
2%
BethelBethel
2%
CallipolisGelibolu
2%
CatapasGabès
2%
CimeracumCambrai
2%
ConcordiaConcordia Sagittaria
2%
GlestoniaGlastonbury
2%
IpponeAnnaba
2%
KirchamKirkham
2%
LaodiciamLatakia
2%
LatimacusMeaux
2%
LaudanusLaon
2%
LayburnaLibourne
2%
Leptis MagnaLeptis Magna
2%
LeustreeLeuctra
2%
LunaLuni
2%
NicomadibusMacomedes-Euphranta
2%
PetauiumPtuj
2%
RamacaArimathea
2%
RimaRethymno
2%
RokesburgiaRoxburgh
2%
RussadenMelilla
2%
SalodorumSolothurn
2%
Sanctus DauiSt Davids
2%
SciciaSisak
2%
SuesiaSoissons
2%
SusaSusa
2%
TortosaTortosa
2%
UppusdiartusBizerte
2%
UtticaUtica
2%
VendumVendôme
2%
VercellisVercelli
2%
ActuaEkron
1%
AlticiumAltinum
1%
AmfipolisAmphipolis
1%
Aque TibilitaneHammam Debagh
1%
ArsuoeTocra
1%
CalcidoniaKadıköy
1%
CapileusCavaillon
1%
CaraxCharax
1%
CarcanusCarchemish
1%
CardiaKardia
1%
CarinicumPetronell-Carnuntum
1%
EburedaIvrea
1%
EracleaKaradeniz Ereğli
1%
FardinVerden an der Aller
1%
FronsaceaFronsac
1%
GamaraGerma
1%
IlerriaLleida
1%
KersinaChinon
1%
LaudeLodi
1%
MetimaBattalgazi
1%
MiletusMiletus
1%
MirreaMyra
1%
OscaAuch
1%
PelasiumPelusium
1%
PhiarothPi-HaHiroth
1%
PriennaPriene
1%
PuteolisPozzuoli
1%
QuidelingburghQuedlinburg
1%
RamessePi-Ramesses
1%
SalamiSalamis
1%
SentungiaSaintes
1%
SeptimanaDougga
1%
SestosSestos
1%
SileShiloh
1%
SirinumSremska Mitrovica
1%
SitiphiSétif
1%
SochothSukkot
1%
SonfencaConsenza
1%
ArnonAroer
0%
BrusutusAzeffoun
0%
CirtennaTénès
0%
ClippeasKelibia
0%
CurunbiKorba
0%
DafnusTahpanhes
0%
DelinumDelminium
0%
EbredunumEmbrun
0%
EleusiaElefsina
0%
ErampnusTherapne
0%
EthamEtham
0%
GazeraGazara
0%
GeraraGerar
0%
HersuraElusa
0%
IampniaYibna
0%
LamsacusLapseki
0%
ListraLystra
0%
LixcolisLixus
0%
NaddaberNapata
0%
NisibiNusaybin
0%
NolaNola
0%
NouicumNoyon
0%
OstrochenaOstrakine
0%
ParchadusFarsala
0%
ParetoniumMersa Matruh
0%
PateraPatara
0%
PeronaPadrón
0%
ProtholomaidaPtolemais
0%
ProtholomaydaPtolemais Hermiou
0%
PudpudPupput
0%
RinoceruraArish
0%
RussicadaSkikda
0%
SabariaSzombathely
0%
SabrataSabratha
0%
SaldisBéjaïa
0%
ScioenaSicyon
0%
SuffetulaSufetula
0%
SuffibusSufes
0%
TafnisTanis
0%
TelmelFethiye
0%
TracianopolisTraianoupoli
0%
TubalusThisbe
0%
TudertinaTodi
0%
TustrumThysdrus
0%
YgicolisJijel
0%
No matching quizzes found
Score Distribution
Percent of People with Each Score
Percentile by Number Answered
Your Score History
You have not taken this quiz